000 00645nam a2200241Ia 4500
003 OSt
005 20220918180954.0
006 a|||||r|||| 00| 0
007 ta
008 220917b |||||||| |||| 00| 0 eng d
024 _a25,016
037 _cTextual
040 _aARTS
_cARTS
_beng
041 _2eng
_aeng
082 _aO111,1:g(P:75), N5
100 _aAttridge Derek
_917256
245 0 _aPoetic rhythm
_b an introduction
260 _aCambridge
_bCUP
_c1995
300 _axx,275p.
_ccm.
650 _aENGLISH LITERATURE
942 _hO111,1:g(P:75), N5
_cTEXL
_2CC
999 _c163927
_d163927